| 000 | 00683nam a22001577a 4500 | ||
|---|---|---|---|
| 999 |
_c7973 _d7973 |
||
| 008 | 230717b ||||| |||| 00| 0 eng d | ||
| 040 | _aCDMR | ||
| 245 |
_aRecomanacions sobre la cobertura informativa d’actes terroristes [recurs electrònic] _c/ Consell de l'Audiovisual de Catalunya, Col·legi de Periodistes de Catalunya |
||
| 260 |
_aBarcelona : _bCAC, _c2016 |
||
| 300 | _a1 recurs electrònic (14 pàgines) | ||
| 650 | 0 |
_9983 _aÈtica periodística |
|
| 650 | 0 |
_91994 _aTerrorisme i mitjans de comunicació de massa |
|
| 710 | 1 |
_9828 _aConsell de l'Audiovisual de Catalunya |
|
| 856 |
_uhttps://omeka.periodistes.cat/items/show/500 _zAccés en línia |
||
| 942 |
_2udc _cLLIBRE-E |
||